The eternal Christ. (Record no. 13004)

000 -LEADER
fixed length control field 00551nam a2200181 a 4500
001 - CONTROL NUMBER
control field :::00010822$&:&@@
003 - CONTROL NUMBER IDENTIFIER
control field OkBaRHE
005 - DATE AND TIME OF LATEST TRANSACTION
control field 20000607103402.0
008 - FIXED-LENGTH DATA ELEMENTS--GENERAL INFORMATION
fixed length control field s1912 j 000 0 eng u
040 ## - CATALOGING SOURCE
Transcribing agency
100 1# - MAIN ENTRY--PERSONAL NAME
Personal name Newton, Joseph Fort, 1876-1950.
245 14 - TITLE STATEMENT
Title The eternal Christ.
260 ## - PUBLICATION, DISTRIBUTION, ETC. (IMPRINT)
Place of publication, distribution, etc New York, NY., :
Name of publisher, distributor, etc Fleming H. Revell Co.
Date of publication, distribution, etc c1912
300 ## - PHYSICAL DESCRIPTION
Extent 199 p. ;
Dimensions 20 cm.
650 ## - SUBJECT ADDED ENTRY--TOPICAL TERM
Topical term or geographic name as entry element Christian Life
942 ## - ADDED ENTRY ELEMENTS (KOHA)
Source of classification or shelving scheme
Koha item type Books
Copies
Date acquired Full call number Source of classification or shelving scheme Damaged status Price effective from Date last seen Shelving location Koha item type Permanent Location Withdrawn status Barcode Copy number Not for loan Lost status
2010-04-14BV 4501.2 .N388  2010-04-142010-04-14General StacksBooksRHEMA Bible Training College 108221